000 01539nam0a2200361 4500
001 RU\NLR\ONL2\17192
005 20250613131543.0
010 _a978-5-295-04822-7
_91450
035 _a(NLR Aleph) 009664777
090 _a9631299
_c9631299
100 _a20060208d2010 |||y0rusy50 ca
101 0 _abak
102 _aRU
105 _aa |||||||||
200 1 _aЭлифба
_eдурт йыллыk башл. мэкт. өсөн д-лек
_f[Fэллэмов А. А., Хисамитдинова Ф. F., Атнаголова С. В.]
205 _a14-се баçма
210 _aӨфө
_cКитап
_d2010
215 _a142, [2] б.
_cил.
_d22
_e[2] л. разрез. азбуки.
300 _aАвт. указаны на обороте тит. л. и в вып. дан.
541 1 _6z01790
_aБукварь
_eучеб. для башк. шк.
_zrus
606 0 _aБашкирский язык
_xБуквари
_92175505
_3RU\NLR\auth-onl\66134
686 1 _aШ163.22-920
700 1 _aFэллэмов
_bА. Э.
_gАбдрахман Эбдрэхим улы
_4070
701 1 _aХисамитдинова
_bФ. F.
_gФирзэуес Fилметдин kызы
_4070
701 1 _aАтнаголова
_bС. В.
_gСветлана Вэли kызы
_4070
790 1 _6z01541
_aГаллямов
_bА. А.
_gАбдрахман Абдрахимович
_4070
801 0 _aRU
_bNLR
_c20100329
_gPSBO
852 _aNLR
_bОНЛ
_jБашк./3-5198
942 _cBOOK
980 _aNB
980 _aONL_RF